[Event "World Chess Olympiad 2018"]
[Site "Batumi"]
[Date "2018.09.30"]
[Round "6"]
[Board "1"]
[WhiteFideId "1510045"]
[White "Tari Aryan"]
[BlackFideId "14508150"]
[Black "Saric Ivan"]
[Result "0-1"]
[LiveChessVersion "1.4.8"]
[BlackElo "2689"]
[WhiteElo "2618"]

1. e4 {[%clk 1:30:55]} c5 {[%clk 1:30:56]} 2. Nf3 {[%clk 1:31:14]} d6
{[%clk 1:31:22]} 3. d4 {[%clk 1:31:28]} cxd4 {[%clk 1:31:47]} 4. Nxd4
{[%clk 1:31:53]} Nf6 {[%clk 1:32:13]} 5. Nc3 {[%clk 1:32:15]} a6 {[%clk 1:32:41]}
6. Be3 {[%clk 1:32:27]} e5 {[%clk 1:33:04]} 7. Nb3 {[%clk 1:32:50]} Be6
{[%clk 1:33:28]} 8. f3 {[%clk 1:33:15]} h5 {[%clk 1:33:54]} 9. Qd2
{[%clk 1:33:19]} Nbd7 {[%clk 1:34:18]} 10. Nd5 {[%clk 1:33:40]} Bxd5
{[%clk 1:34:44]} 11. exd5 {[%clk 1:34:03]} g6 {[%clk 1:34:56]} 12. Be2
{[%clk 1:34:24]} Bg7 {[%clk 1:34:32]} 13. O-O {[%clk 1:34:44]} b6
{[%clk 1:34:41]} 14. a4 {[%clk 1:29:40]} O-O {[%clk 1:34:48]} 15. c4
{[%clk 1:15:21]} a5 {[%clk 1:33:55]} 16. Rae1 {[%clk 1:14:09]} Qc7
{[%clk 1:27:44]} 17. Kh1 {[%clk 1:10:11]} Rae8 {[%clk 1:27:58]} 18. Qd1
{[%clk 0:46:33]} h4 {[%clk 1:16:54]} 19. f4 {[%clk 0:34:34]} exf4
{[%clk 1:11:48]} 20. Bxf4 {[%clk 0:34:58]} Ne4 {[%clk 1:11:54]} 21. Bd3
{[%clk 0:33:39]} Nec5 {[%clk 1:04:17]} 22. Nxc5 {[%clk 0:32:33]} Nxc5
{[%clk 0:58:14]} 23. b3 {[%clk 0:28:08]} Qd8 {[%clk 0:49:48]} 24. Bc2
{[%clk 0:27:23]} f5 {[%clk 0:40:53]} 25. Qd2 {[%clk 0:26:30]} Qf6
{[%clk 0:33:50]} 26. Bg5 {[%clk 0:19:37]} Rxe1 {[%clk 0:33:54]} 27. Rxe1
{[%clk 0:19:51]} Qc3 {[%clk 0:31:42]} 28. Qxc3 {[%clk 0:18:33]} Bxc3
{[%clk 0:32:07]} 29. Re2 {[%clk 0:17:25]} Bf6 {[%clk 0:31:53]} 30. Bf4
{[%clk 0:17:16]} Rd8 {[%clk 0:29:20]} 31. Kg1 {[%clk 0:16:52]} Kf7
{[%clk 0:26:55]} 32. Kf2 {[%clk 0:16:33]} Bd4+ {[%clk 0:26:00]} 33. Kf3
{[%clk 0:15:22]} Kf6 {[%clk 0:26:13]} 34. g4 {[%clk 0:14:14]} hxg3
{[%clk 0:19:24]} 35. h4 {[%clk 0:14:14]} Rd7 {[%clk 0:19:37]} 36. Bg5+
{[%clk 0:13:29]} Kf7 {[%clk 0:20:02]} 37. Kxg3 {[%clk 0:11:22]} Bf6
{[%clk 0:20:16]} 38. Bd2 {[%clk 0:04:26]} Rd8 {[%clk 0:19:08]} 39. h5
{[%clk 0:01:38]} Be5+ {[%clk 0:17:49]} 40. Kf3 {[%clk 0:31:29]} gxh5
{[%clk 0:48:02]} 41. Rg2 {[%clk 0:27:13]} Rh8 {[%clk 0:37:28]} 42. Bxf5
{[%clk 0:24:08]} Nxb3 {[%clk 0:37:10]} 43. Be6+ {[%clk 0:23:17]} Ke7
{[%clk 0:36:30]} 44. Bg5+ {[%clk 0:23:10]} Bf6 {[%clk 0:36:25]} 45. Be3
{[%clk 0:23:34]} Nc5 {[%clk 0:33:35]} 46. Bxc5 {[%clk 0:23:30]} bxc5
{[%clk 0:34:00]} 47. Rg8 {[%clk 0:23:00]} Rh6 {[%clk 0:31:49]} 48. Ra8
{[%clk 0:21:26]} Bc3 {[%clk 0:32:13]} 49. Ra7+ {[%clk 0:20:33]} Kf6
{[%clk 0:29:12]} 50. Rf7+ {[%clk 0:20:34]} Kg5 {[%clk 0:27:29]} 51. Kg2
{[%clk 0:18:21]} Rh8 {[%clk 0:26:43]} 52. Rf5+ {[%clk 0:16:56]} Kg6
{[%clk 0:26:04]} 53. Rf3 {[%clk 0:15:59]} Be5 {[%clk 0:26:28]} 54. Bd7
{[%clk 0:11:07]} Rb8 {[%clk 0:26:23]} 55. Bb5 {[%clk 0:11:31]} Rg8
{[%clk 0:24:07]} 56. Kh3 {[%clk 0:11:14]} Kh6 {[%clk 0:24:31]} 57. Bd7
{[%clk 0:10:34]} Rg1 {[%clk 0:22:59]} 58. Be8 {[%clk 0:08:21]} Kg5
{[%clk 0:21:35]} 59. Bd7 {[%clk 0:08:30]} Rc1 {[%clk 0:21:37]} 60. Rf5+
{[%clk 0:06:08]} Kg6 {[%clk 0:22:02]} 61. Rf8 {[%clk 0:06:02]} Rc3+
{[%clk 0:21:42]} 62. Kg2 {[%clk 0:06:23]} Rxc4 {[%clk 0:21:51]} 0-1

[Event "World Chess Olympiad 2018"]
[Site "Batumi"]
[Date "2018.09.30"]
[Round "6"]
[Board "2"]
[WhiteFideId "14507927"]
[White "Bosiocic Marin"]
[BlackFideId "1506102"]
[Black "Urkedal Frode Olav Olsen"]
[Result "1-0"]
[LiveChessVersion "1.4.8"]
[BlackElo "2535"]
[WhiteElo "2600"]

1. e4 {[%clk 1:30:57]} e5 {[%clk 1:30:56]} 2. Nf3 {[%clk 1:31:17]} Nc6
{[%clk 1:31:23]} 3. Bb5 {[%clk 1:31:39]} a6 {[%clk 1:31:49]} 4. Ba4
{[%clk 1:32:01]} Nf6 {[%clk 1:32:15]} 5. O-O {[%clk 1:32:21]} b5 {[%clk 1:32:42]}
6. Bb3 {[%clk 1:32:42]} Be7 {[%clk 1:33:02]} 7. Re1 {[%clk 1:33:05]} O-O
{[%clk 1:33:01]} 8. a4 {[%clk 1:33:29]} b4 {[%clk 1:33:28]} 9. d3
{[%clk 1:33:43]} Bc5 {[%clk 1:33:48]} 10. Nbd2 {[%clk 1:24:44]} d6
{[%clk 1:33:24]} 11. c3 {[%clk 1:22:26]} Rb8 {[%clk 1:32:06]} 12. h3
{[%clk 1:20:53]} Ba7 {[%clk 1:31:58]} 13. Nf1 {[%clk 1:15:55]} Be6
{[%clk 1:30:47]} 14. Bc2 {[%clk 1:15:26]} bxc3 {[%clk 1:27:23]} 15. bxc3
{[%clk 1:15:39]} h6 {[%clk 0:49:23]} 16. d4 {[%clk 1:08:21]} exd4
{[%clk 0:46:27]} 17. cxd4 {[%clk 1:08:44]} d5 {[%clk 0:46:53]} 18. e5
{[%clk 1:07:02]} Ne4 {[%clk 0:47:18]} 19. Ba3 {[%clk 1:03:14]} Re8
{[%clk 0:44:23]} 20. Ng3 {[%clk 0:56:14]} Nxg3 {[%clk 0:37:50]} 21. fxg3
{[%clk 0:56:36]} Nb4 {[%clk 0:37:16]} 22. Bxb4 {[%clk 0:54:49]} Rxb4
{[%clk 0:37:44]} 23. Qd3 {[%clk 0:51:23]} g6 {[%clk 0:38:02]} 24. Qd2
{[%clk 0:48:26]} Qe7 {[%clk 0:30:32]} 25. Qxh6 {[%clk 0:44:06]} Bxd4+
{[%clk 0:30:54]} 26. Nxd4 {[%clk 0:42:32]} Rxd4 {[%clk 0:31:14]} 27. Rf1
{[%clk 0:41:11]} Qf8 {[%clk 0:29:33]} 28. Qg5 {[%clk 0:40:44]} Qg7
{[%clk 0:26:08]} 29. Rae1 {[%clk 0:37:54]} Rc4 {[%clk 0:20:43]} 30. Re2
{[%clk 0:37:25]} Rb8 {[%clk 0:14:58]} 31. Bd3 {[%clk 0:35:40]} Rxa4
{[%clk 0:13:31]} 32. Rf6 {[%clk 0:35:17]} Bf5 {[%clk 0:11:07]} 33. e6
{[%clk 0:31:32]} Bxd3 {[%clk 0:06:06]} 34. exf7+ {[%clk 0:31:54]} Kf8
{[%clk 0:05:42]} 35. Re8+ {[%clk 0:31:42]} Rxe8 {[%clk 0:06:05]} 36. fxe8=Q+
{[%clk 0:32:03]} Kxe8 {[%clk 0:06:32]} 37. Re6+ {[%clk 0:32:25]} Kf7
{[%clk 0:04:26]} 38. Re7+ {[%clk 0:32:50]} Kf8 {[%clk 0:04:49]} 39. Rxg7
{[%clk 0:33:16]} Kxg7 {[%clk 0:05:13]} 40. Qe7+ {[%clk 1:03:38]} Kh6
{[%clk 0:35:17]} 41. Qe3+ {[%clk 1:04:05]} 1-0

[Event "World Chess Olympiad 2018"]
[Site "Batumi"]
[Date "2018.09.30"]
[Round "6"]
[Board "3"]
[WhiteFideId "1512668"]
[White "Christiansen Johan-Sebastian"]
[BlackFideId "14502569"]
[Black "Stevic Hrvoje"]
[Result "1/2-1/2"]
[LiveChessVersion "1.4.8"]
[BlackElo "2579"]
[WhiteElo "2525"]

1. e4 {[%clk 1:30:57]} e5 {[%clk 1:30:49]} 2. Nf3 {[%clk 1:31:22]} Nc6
{[%clk 1:31:12]} 3. Bc4 {[%clk 1:31:45]} Nf6 {[%clk 1:31:14]} 4. d3
{[%clk 1:32:09]} Be7 {[%clk 1:31:27]} 5. O-O {[%clk 1:32:32]} O-O
{[%clk 1:31:51]} 6. Re1 {[%clk 1:32:51]} d6 {[%clk 1:32:13]} 7. a4
{[%clk 1:33:02]} Na5 {[%clk 1:32:03]} 8. Ba2 {[%clk 1:33:27]} c5 {[%clk 1:32:28]}
9. c3 {[%clk 1:33:42]} Nc6 {[%clk 1:32:49]} 10. Na3 {[%clk 1:33:44]} h6
{[%clk 1:31:44]} 11. Bd2 {[%clk 1:33:53]} a6 {[%clk 1:31:53]} 12. h3
{[%clk 1:34:11]} Re8 {[%clk 1:31:28]} 13. Nc2 {[%clk 1:34:10]} Be6
{[%clk 1:28:18]} 14. Bxe6 {[%clk 1:34:26]} fxe6 {[%clk 1:28:43]} 15. b4
{[%clk 1:34:28]} cxb4 {[%clk 1:29:05]} 16. Nxb4 {[%clk 1:33:47]} Na5
{[%clk 1:28:17]} 17. Qb1 {[%clk 1:09:48]} Rc8 {[%clk 1:24:08]} 18. Qa2
{[%clk 1:09:40]} Bf8 {[%clk 1:13:54]} 19. Rab1 {[%clk 1:08:57]} Nd7
{[%clk 1:06:40]} 20. Re2 {[%clk 0:57:39]} Nc5 {[%clk 1:01:03]} 21. Be1
{[%clk 0:53:27]} Qd7 {[%clk 0:55:35]} 22. Ra1 {[%clk 0:46:00]} Nab3
{[%clk 0:52:58]} 23. Rb1 {[%clk 0:42:03]} Na5 {[%clk 0:52:46]} 24. Ra1
{[%clk 0:35:01]} Nab3 {[%clk 0:50:41]} 25. Rb1 {[%clk 0:33:01]} Na5 1/2-1/2

[Event "World Chess Olympiad 2018"]
[Site "Batumi"]
[Date "2018.09.30"]
[Round "6"]
[Board "4"]
[WhiteFideId "14509792"]
[White "Martinovic Sasa"]
[BlackFideId "1506536"]
[Black "Notkevich Benjamin Arvola"]
[Result "1/2-1/2"]
[LiveChessVersion "1.4.8"]
[BlackElo "2493"]
[WhiteElo "2567"]

1. d4 {[%clk 1:30:58]} Nf6 {[%clk 1:30:52]} 2. c4 {[%clk 1:31:25]} e6
{[%clk 1:31:18]} 3. Nc3 {[%clk 1:31:51]} Bb4 {[%clk 1:31:43]} 4. Nf3
{[%clk 1:32:18]} d5 {[%clk 1:31:49]} 5. Qa4+ {[%clk 1:32:41]} Nc6
{[%clk 1:32:12]} 6. e3 {[%clk 1:33:09]} O-O {[%clk 1:31:47]} 7. Qc2
{[%clk 1:33:34]} a6 {[%clk 1:30:15]} 8. a3 {[%clk 1:33:34]} Be7 {[%clk 1:18:40]}
9. b4 {[%clk 1:33:51]} dxc4 {[%clk 1:16:07]} 10. Bxc4 {[%clk 1:33:58]} Bd6
{[%clk 1:15:59]} 11. O-O {[%clk 1:23:34]} e5 {[%clk 1:13:24]} 12. h3
{[%clk 1:23:52]} exd4 {[%clk 1:03:12]} 13. exd4 {[%clk 1:24:12]} h6
{[%clk 1:01:29]} 14. Re1 {[%clk 1:23:23]} Ne7 {[%clk 0:53:35]} 15. Ne5
{[%clk 1:06:36]} c6 {[%clk 0:52:27]} 16. Bf4 {[%clk 0:55:36]} Nfd5
{[%clk 0:48:44]} 17. Nxd5 {[%clk 0:53:03]} Nxd5 {[%clk 0:46:49]} 18. Bxd5
{[%clk 0:40:26]} cxd5 {[%clk 0:47:14]} 19. Qb3 {[%clk 0:40:44]} Be7
{[%clk 0:45:49]} 20. Rac1 {[%clk 0:37:03]} Be6 {[%clk 0:39:17]} 21. Nd3
{[%clk 0:33:25]} Qb6 {[%clk 0:25:03]} 22. Nc5 {[%clk 0:20:57]} Bxc5
{[%clk 0:23:29]} 23. Rxc5 {[%clk 0:21:16]} Qd8 {[%clk 0:20:48]} 24. Rc7
{[%clk 0:16:09]} Qh4 {[%clk 0:18:23]} 25. Bg3 {[%clk 0:09:14]} Qxd4
{[%clk 0:17:16]} 26. Be5 {[%clk 0:09:39]} Qd2 {[%clk 0:15:45]} 27. Bc3
{[%clk 0:08:25]} d4 {[%clk 0:13:18]} 28. Rxe6 {[%clk 0:02:40]} dxc3
{[%clk 0:13:34]} 29. Re3 {[%clk 0:02:18]} Rac8 {[%clk 0:12:17]} 30. Qxc3
{[%clk 0:01:51]} Qd1+ {[%clk 0:12:06]} 31. Kh2 {[%clk 0:02:17]} Rxc7
{[%clk 0:09:44]} 32. Qxc7 {[%clk 0:02:45]} Qd5 {[%clk 0:09:52]} 33. Re7
{[%clk 0:00:45]} b5 {[%clk 0:09:28]} 34. Qf4 {[%clk 0:00:34]} Rd8
{[%clk 0:07:30]} 35. Re5 {[%clk 0:00:47]} Qd6 {[%clk 0:04:23]} 36. g3
{[%clk 0:00:58]} f6 {[%clk 0:03:08]} 37. Re8+ {[%clk 0:01:23]} Kf7
{[%clk 0:03:31]} 38. Rxd8 {[%clk 0:01:42]} 1/2-1/2

[Event "World Chess Olympiad 2018"]
[Site "Batumi"]
[Date "2018.09.30"]
[Round "6"]
[Board "1"]
[WhiteFideId "6302718"]
[White "Yilmaz Mustafa"]
[BlackFideId "13504398"]
[Black "Kovalev Vladislav"]
[Result "0-1"]
[LiveChessVersion "1.4.8"]
[BlackElo "2664"]
[WhiteElo "2633"]

1. d4 {[%clk 1:30:57]} Nf6 {[%clk 1:30:52]} 2. c4 {[%clk 1:31:21]} e6
{[%clk 1:31:17]} 3. Nf3 {[%clk 1:31:35]} d5 {[%clk 1:31:43]} 4. Nc3
{[%clk 1:32:01]} c5 {[%clk 1:32:10]} 5. cxd5 {[%clk 1:30:36]} cxd4
{[%clk 1:32:15]} 6. Qxd4 {[%clk 1:28:13]} exd5 {[%clk 1:32:40]} 7. e4
{[%clk 1:26:48]} Nc6 {[%clk 1:33:05]} 8. Bb5 {[%clk 1:27:11]} dxe4
{[%clk 1:33:29]} 9. Qxd8+ {[%clk 1:27:35]} Kxd8 {[%clk 1:33:57]} 10. Ng5
{[%clk 1:27:55]} Be6 {[%clk 1:34:22]} 11. Nxe6+ {[%clk 1:24:07]} fxe6
{[%clk 1:34:29]} 12. Bxc6 {[%clk 1:23:40]} bxc6 {[%clk 1:34:55]} 13. Ke2
{[%clk 1:19:47]} Bb4 {[%clk 1:35:15]} 14. Rd1+ {[%clk 1:14:06]} Ke7
{[%clk 1:35:11]} 15. Na4 {[%clk 1:09:22]} Rhd8 {[%clk 1:34:13]} 16. Be3
{[%clk 1:05:08]} Rd5 {[%clk 1:33:58]} 17. Rac1 {[%clk 0:47:32]} Ng4
{[%clk 1:24:22]} 18. Bc5+ {[%clk 0:35:21]} Bxc5 {[%clk 1:24:39]} 19. Nxc5
{[%clk 0:35:44]} Nf6 {[%clk 1:20:29]} 20. Rd2 {[%clk 0:32:11]} Rf8
{[%clk 1:14:59]} 21. Rc4 {[%clk 0:18:07]} Ng4 {[%clk 1:07:38]} 22. Nxe4
{[%clk 0:05:55]} Nxf2 {[%clk 1:07:23]} 23. Rdc2 {[%clk 0:02:16]} Re5
{[%clk 0:59:36]} 24. Ke3 {[%clk 0:02:45]} Ng4+ {[%clk 0:59:35]} 25. Kd3
{[%clk 0:02:27]} Rd8+ {[%clk 0:56:32]} 26. Ke2 {[%clk 0:02:55]} c5
{[%clk 0:54:14]} 27. Kf3 {[%clk 0:00:45]} Nxh2+ {[%clk 0:54:01]} 28. Kf4
{[%clk 0:00:34]} Rf5+ {[%clk 0:52:32]} 29. Ke3 {[%clk 0:00:55]} Ng4+
{[%clk 0:52:57]} 30. Ke2 {[%clk 0:01:22]} Re5 {[%clk 0:53:18]} 31. Kf3
{[%clk 0:00:45]} h5 {[%clk 0:52:23]} 32. R2c3 {[%clk 0:00:34]} Nh2+
{[%clk 0:27:45]} 33. Kg3 {[%clk 0:01:03]} Nf1+ {[%clk 0:27:46]} 34. Kh3
{[%clk 0:01:32]} Rd1 {[%clk 0:19:05]} 35. Ra4 {[%clk 0:01:25]} a5
{[%clk 0:16:53]} 36. Nxc5 {[%clk 0:00:52]} Ne3 {[%clk 0:12:42]} 37. Rxa5
{[%clk 0:00:39]} Rg5 {[%clk 0:11:47]} 38. Ra7+ {[%clk 0:01:07]} Ke8
{[%clk 0:12:11]} 39. g4 {[%clk 0:00:31]} Rxg4 {[%clk 0:11:55]} 0-1

[Event "World Chess Olympiad 2018"]
[Site "Batumi"]
[Date "2018.09.30"]
[Round "6"]
[Board "2"]
[WhiteFideId "13502956"]
[White "Zhigalko Sergei"]
[BlackFideId "916811"]
[Black "Solak Dragan"]
[Result "1/2-1/2"]
[LiveChessVersion "1.4.8"]
[BlackElo "2609"]
[WhiteElo "2610"]

1. e4 {[%clk 1:30:56]} c5 {[%clk 1:30:53]} 2. Nf3 {[%clk 1:31:17]} d6
{[%clk 1:31:18]} 3. d4 {[%clk 1:30:26]} cxd4 {[%clk 1:31:42]} 4. Qxd4
{[%clk 1:30:09]} Nc6 {[%clk 1:31:56]} 5. Bb5 {[%clk 1:29:37]} Bd7
{[%clk 1:32:20]} 6. Qd3 {[%clk 1:28:39]} g6 {[%clk 1:26:45]} 7. O-O
{[%clk 1:26:58]} Bg7 {[%clk 1:26:32]} 8. c4 {[%clk 1:26:31]} Nf6 {[%clk 1:24:51]}
9. Nc3 {[%clk 1:25:12]} O-O {[%clk 1:24:30]} 10. Rd1 {[%clk 0:55:26]} Bg4
{[%clk 1:14:35]} 11. Bxc6 {[%clk 0:48:39]} bxc6 {[%clk 1:14:59]} 12. h3
{[%clk 0:49:08]} Bxf3 {[%clk 1:15:15]} 13. Qxf3 {[%clk 0:49:35]} Nd7
{[%clk 1:15:20]} 14. Bg5 {[%clk 0:36:17]} Nc5 {[%clk 0:49:39]} 15. Rac1
{[%clk 0:28:38]} Ne6 {[%clk 0:49:44]} 16. Bd2 {[%clk 0:27:12]} Qa5
{[%clk 0:36:23]} 17. Nd5 {[%clk 0:25:54]} Qd8 {[%clk 0:36:43]} 18. Nc3
{[%clk 0:26:18]} Qa5 {[%clk 0:31:06]} 19. Nd5 {[%clk 0:25:54]} Qd8
{[%clk 0:31:22]} 20. Nc3 1/2-1/2

[Event "World Chess Olympiad 2018"]
[Site "Batumi"]
[Date "2018.09.30"]
[Round "6"]
[Board "3"]
[WhiteFideId "6302181"]
[White "Can Emre"]
[BlackFideId "13500139"]
[Black "Aleksandrov Aleksej"]
[Result "1/2-1/2"]
[LiveChessVersion "1.4.8"]
[BlackElo "2602"]
[WhiteElo "2588"]

1. d4 {[%clk 1:30:51]} Nf6 {[%clk 1:30:56]} 2. c4 {[%clk 1:31:06]} e6
{[%clk 1:31:22]} 3. Nf3 {[%clk 1:31:20]} d5 {[%clk 1:31:48]} 4. g3
{[%clk 1:31:16]} Be7 {[%clk 1:32:04]} 5. Bg2 {[%clk 1:31:17]} O-O
{[%clk 1:32:14]} 6. O-O {[%clk 1:31:12]} dxc4 {[%clk 1:32:34]} 7. Qc2
{[%clk 1:31:23]} a6 {[%clk 1:32:33]} 8. a4 {[%clk 1:31:26]} Bd7 {[%clk 1:32:52]}
9. Rd1 {[%clk 1:31:17]} Bc6 {[%clk 1:28:03]} 10. Bg5 {[%clk 1:31:17]} b5
{[%clk 1:25:17]} 11. Bxf6 {[%clk 1:24:02]} Bxf6 {[%clk 1:22:39]} 12. Nc3
{[%clk 1:24:24]} Qe7 {[%clk 0:57:52]} 13. axb5 {[%clk 1:13:38]} axb5
{[%clk 0:58:01]} 14. Rxa8 {[%clk 1:13:50]} Bxa8 {[%clk 0:58:26]} 15. Nxb5
{[%clk 1:13:57]} Qb4 {[%clk 0:52:02]} 16. Na3 {[%clk 0:49:20]} c5
{[%clk 0:37:16]} 17. Ng5 {[%clk 0:33:30]} Bxg5 {[%clk 0:36:43]} 18. Bxa8
{[%clk 0:33:50]} c3 {[%clk 0:36:52]} 19. dxc5 {[%clk 0:16:29]} cxb2
{[%clk 0:35:23]} 20. Nc4 {[%clk 0:09:57]} Bc1 {[%clk 0:34:46]} 21. Nxb2
{[%clk 0:03:10]} Bxb2 {[%clk 0:32:00]} 22. c6 {[%clk 0:02:52]} Na6
{[%clk 0:29:52]} 23. Bb7 {[%clk 0:03:16]} Nc5 {[%clk 0:30:06]} 24. Rb1
{[%clk 0:03:22]} Na4 {[%clk 0:27:39]} 25. Ba6 {[%clk 0:03:45]} Qa5
{[%clk 0:26:17]} 26. Bd3 {[%clk 0:03:17]} Rc8 {[%clk 0:19:00]} 27. Bxh7+
{[%clk 0:02:24]} Kh8 {[%clk 0:17:36]} 28. Bd3 {[%clk 0:02:44]} Bf6
{[%clk 0:09:36]} 29. Rb5 {[%clk 0:02:56]} Qa8 {[%clk 0:07:51]} 30. Rh5+
{[%clk 0:00:36]} Kg8 {[%clk 0:08:17]} 31. Bh7+ {[%clk 0:00:37]} Kf8
{[%clk 0:08:41]} 32. Be4 {[%clk 0:00:49]} g5 {[%clk 0:04:38]} 33. h4
{[%clk 0:00:34]} Nc3 {[%clk 0:03:05]} 34. hxg5 {[%clk 0:00:37]} Bg7
{[%clk 0:03:14]} 35. Bf3 {[%clk 0:00:55]} Nd5 {[%clk 0:01:05]} 36. Bxd5
{[%clk 0:00:38]} exd5 {[%clk 0:01:30]} 37. Qc5+ {[%clk 0:00:58]} Kg8
{[%clk 0:01:51]} 38. g6 {[%clk 0:01:18]} Qxc6 {[%clk 0:01:39]} 39. gxf7+
{[%clk 0:01:28]} Kxf7 {[%clk 0:02:04]} 40. Qxd5+ {[%clk 0:31:23]} Qxd5
{[%clk 0:32:25]} 41. Rxd5 {[%clk 0:31:48]} Rc2 {[%clk 0:32:45]} 42. Rd7+
{[%clk 0:30:06]} Kf6 {[%clk 0:30:04]} 43. e3 {[%clk 0:29:23]} Bf8
{[%clk 0:28:08]} 44. Kg2 {[%clk 0:28:29]} Bb4 {[%clk 0:28:19]} 45. Rd1
{[%clk 0:26:44]} Bd2 {[%clk 0:26:04]} 46. Kf3 {[%clk 0:26:29]} Rb2
{[%clk 0:26:25]} 47. Ra1 {[%clk 0:26:15]} Kf5 {[%clk 0:26:26]} 48. g4+
{[%clk 0:25:38]} Kg5 {[%clk 0:25:21]} 49. Kg3 {[%clk 0:25:27]} Rb3
{[%clk 0:25:30]} 50. Kf3 {[%clk 0:25:05]} Rb2 {[%clk 0:25:48]} 51. Rh1
{[%clk 0:24:33]} Kg6 {[%clk 0:24:26]} 52. Ke4 {[%clk 0:23:57]} Kg5
{[%clk 0:23:13]} 53. Rg1 {[%clk 0:23:36]} Rb3 {[%clk 0:23:07]} 54. Rg2
{[%clk 0:16:50]} Bc1 {[%clk 0:22:58]} 55. Rg1 {[%clk 0:10:15]} Bd2
{[%clk 0:23:24]} 56. Rd1 {[%clk 0:08:42]} Rb2 {[%clk 0:20:49]} 57. f3
{[%clk 0:08:57]} Ra2 {[%clk 0:20:22]} 58. Kd3 {[%clk 0:07:57]} Ba5
{[%clk 0:19:52]} 59. Ke4 {[%clk 0:06:17]} Bd2 {[%clk 0:20:07]} 60. Kd4
{[%clk 0:05:00]} Ba5 {[%clk 0:18:23]} 61. Rd3 {[%clk 0:02:00]} Bb6+
{[%clk 0:15:28]} 62. Kd5 {[%clk 0:02:09]} Ba7 {[%clk 0:15:12]} 63. Rb3
{[%clk 0:02:06]} Rf2 {[%clk 0:07:56]} 64. Ke4 {[%clk 0:02:25]} Re2
{[%clk 0:08:18]} 65. Ra3 {[%clk 0:02:10]} Bb6 {[%clk 0:08:35]} 66. Rd3
{[%clk 0:02:27]} Ba7 {[%clk 0:08:12]} 67. Rd5+ {[%clk 0:02:28]} Kg6
{[%clk 0:06:43]} 68. Rd3 {[%clk 0:02:28]} Kg5 {[%clk 0:06:56]} 69. Rd5+
{[%clk 0:02:21]} Kg6 {[%clk 0:07:17]} 70. Rd6+ {[%clk 0:02:20]} Kg5
{[%clk 0:07:40]} 71. Rd3 {[%clk 0:02:27]} Re1 {[%clk 0:08:05]} 72. Rd5+ 1/2-1/2

[Event "World Chess Olympiad 2018"]
[Site "Batumi"]
[Date "2018.09.30"]
[Round "6"]
[Board "4"]
[WhiteFideId "13503758"]
[White "Stupak Kirill"]
[BlackFideId "6300014"]
[Black "Dastan Muhammed Batuhan"]
[Result "1/2-1/2"]
[LiveChessVersion "1.4.8"]
[BlackElo "2569"]
[WhiteElo "2583"]

1. d4 {[%clk 1:30:58]} d5 {[%clk 1:30:44]} 2. Nf3 {[%clk 1:31:24]} Nf6
{[%clk 1:31:10]} 3. c4 {[%clk 1:31:51]} dxc4 {[%clk 1:31:33]} 4. Nc3
{[%clk 1:32:19]} c6 {[%clk 1:31:57]} 5. a4 {[%clk 1:31:32]} e6 {[%clk 1:32:20]}
6. e3 {[%clk 1:26:47]} c5 {[%clk 1:32:45]} 7. Bxc4 {[%clk 1:27:14]} cxd4
{[%clk 1:33:10]} 8. exd4 {[%clk 1:27:43]} Nc6 {[%clk 1:33:33]} 9. O-O
{[%clk 1:28:09]} Be7 {[%clk 1:33:59]} 10. Bg5 {[%clk 1:24:10]} O-O
{[%clk 1:33:56]} 11. Qd2 {[%clk 1:18:13]} Nb4 {[%clk 1:22:51]} 12. Ne5
{[%clk 1:13:27]} b6 {[%clk 1:12:16]} 13. Na2 {[%clk 0:50:50]} Nfd5
{[%clk 0:50:06]} 14. Bxe7 {[%clk 0:46:50]} Qxe7 {[%clk 0:49:16]} 15. Nxb4
{[%clk 0:47:18]} Qxb4 {[%clk 0:46:40]} 16. Qxb4 {[%clk 0:47:20]} Nxb4
{[%clk 0:47:06]} 17. a5 {[%clk 0:47:47]} f6 {[%clk 0:41:49]} 18. Nf3
{[%clk 0:40:36]} Bd7 {[%clk 0:41:06]} 19. Rfc1 {[%clk 0:33:14]} Rfc8
{[%clk 0:33:42]} 20. axb6 {[%clk 0:25:41]} axb6 {[%clk 0:34:05]} 21. Rxa8
{[%clk 0:26:06]} Rxa8 {[%clk 0:34:32]} 22. Ne1 {[%clk 0:26:22]} Rc8
{[%clk 0:28:59]} 23. Rc3 {[%clk 0:26:30]} Kf8 {[%clk 0:28:09]} 24. f3
{[%clk 0:24:05]} Ke7 {[%clk 0:26:13]} 25. Kf2 {[%clk 0:21:50]} Kd6
{[%clk 0:24:18]} 26. Ke3 {[%clk 0:20:03]} h6 {[%clk 0:14:03]} 27. Kd2
{[%clk 0:19:06]} g5 {[%clk 0:13:27]} 28. Nc2 {[%clk 0:14:56]} Nxc2
{[%clk 0:10:44]} 29. Kxc2 {[%clk 0:14:59]} Ba4+ {[%clk 0:08:59]} 30. Kd2
{[%clk 0:13:29]} Bd7 {[%clk 0:09:12]} 31. Bd3 {[%clk 0:13:07]} Rxc3
{[%clk 0:08:42]} 32. bxc3 {[%clk 0:13:09]} e5 {[%clk 0:08:12]} 33. Ke3
{[%clk 0:07:24]} f5 {[%clk 0:08:26]} 34. dxe5+ {[%clk 0:06:39]} Kxe5
{[%clk 0:08:51]} 35. Bc4 {[%clk 0:05:27]} f4+ {[%clk 0:09:02]} 36. Kd2
{[%clk 0:05:49]} h5 {[%clk 0:07:46]} 37. h3 {[%clk 0:02:19]} Bc6 {[%clk 0:06:29]}
38. Bf7 {[%clk 0:01:50]} h4 {[%clk 0:06:48]} 39. Bc4 {[%clk 0:01:58]} Kd6
{[%clk 0:05:39]} 40. Be2 {[%clk 0:31:02]} Kc5 {[%clk 0:35:48]} 41. Bd3
{[%clk 0:23:53]} Bd5 {[%clk 0:34:15]} 42. Bf5 {[%clk 0:18:09]} Bc4
{[%clk 0:34:17]} 43. Ke1 {[%clk 0:15:59]} Kb5 {[%clk 0:30:33]} 44. Bc2
{[%clk 0:12:24]} Ka5 {[%clk 0:30:54]} 45. Kf2 {[%clk 0:12:20]} Ba6
{[%clk 0:23:17]} 46. Ke1 {[%clk 0:11:10]} Bb5 {[%clk 0:23:28]} 47. Bb3
{[%clk 0:10:08]} Bd3 {[%clk 0:20:10]} 48. Bd1 {[%clk 0:10:37]} Kb5
{[%clk 0:13:57]} 49. Bb3 {[%clk 0:11:05]} Kc5 {[%clk 0:11:58]} 50. Kf2
{[%clk 0:07:38]} Bc4 {[%clk 0:06:25]} 51. Bc2 {[%clk 0:08:07]} Kb5
{[%clk 0:06:39]} 52. Ke1 {[%clk 0:08:21]} Ka5 {[%clk 0:07:00]} 53. Bd1
{[%clk 0:07:54]} Ba6 {[%clk 0:06:19]} 54. Bc2 {[%clk 0:07:36]} Bc4
{[%clk 0:04:42]} 55. Bd1 {[%clk 0:07:34]} Ka6 {[%clk 0:03:20]} 56. Ba4
{[%clk 0:07:41]} b5 {[%clk 0:03:25]} 57. Bc2 {[%clk 0:07:57]} Kb6
{[%clk 0:03:33]} 58. Kf2 {[%clk 0:07:18]} Kc5 {[%clk 0:03:39]} 59. Ke1
{[%clk 0:07:40]} Bd5 {[%clk 0:03:16]} 60. Bd3 {[%clk 0:07:28]} Kb6
{[%clk 0:03:10]} 61. Bc2 {[%clk 0:07:24]} Ka5 {[%clk 0:02:25]} 62. Kf2
{[%clk 0:07:42]} Bc4 {[%clk 0:02:27]} 63. Ke1 {[%clk 0:08:07]} Ka6
{[%clk 0:02:33]} 64. Kf2 {[%clk 0:08:26]} Kb6 {[%clk 0:02:53]} 65. Ke1
{[%clk 0:08:43]} Ba2 {[%clk 0:03:04]} 66. Kd2 {[%clk 0:08:29]} Kc5
{[%clk 0:03:28]} 67. Bd3 {[%clk 0:07:10]} Bb3 {[%clk 0:03:56]} 68. Bf5
{[%clk 0:07:15]} Bc4 {[%clk 0:04:03]} 69. Ke1 {[%clk 0:07:24]} Kb6
{[%clk 0:04:22]} 70. Bc2 {[%clk 0:07:41]} Kc5 {[%clk 0:03:42]} 71. Bf5
{[%clk 0:07:45]} b4 {[%clk 0:04:02]} 72. cxb4+ {[%clk 0:08:13]} Kxb4
{[%clk 0:04:27]} 73. Kf2 {[%clk 0:08:38]} Kc3 {[%clk 0:04:52]} 74. Bc8
{[%clk 0:09:04]} Kd4 {[%clk 0:05:08]} 1/2-1/2